| 000 | 01592nam0a22003371 4500 | ||
|---|---|---|---|
| 001 | rc\2270673 | ||
| 005 | 20260407102414.0 | ||
| 035 | _a(NLR Aleph) 006551707 | ||
| 090 |
_a6747519 _c6747519 |
||
| 100 | _a20110829d1977 u y0rusy50 ca | ||
| 101 | 0 | _arus | |
| 102 | _aRU | ||
| 105 | _aa z ||||| | ||
| 200 | 1 |
_aМатематика и астрономия в трудах ученых средневекового Востока _e[Сборник статей] _fАН УзССР, Ин-т математики им. В.И. Романовского _g[Отв. ред. акад. С.Х. Сираждинов] |
|
| 210 |
_aТашкент _cФан _d1977 |
||
| 215 |
_a140 с. _cил. _d21 |
||
| 320 | _aСписки лит. в конце статей | ||
| 606 |
_aМатематическая наука в странах Востока _jСборники _xИстория _z10-14 вв. _2psbo |
||
| 606 |
_aАстрономическая наука в странах Востока _jСборники _xИстория _z10-14 вв. _2psbo |
||
| 686 |
_aВ6г(0)41я43 _2rubbk |
||
| 686 |
_aВ1г(0)41я43 _2rubbk |
||
| 702 | 1 |
_4340 _7ca _8rus _aСираждинов _bС. Х. _f1920-1988 _gСагды Хасанович _9267376 _3RU\NLR\AUTH\770267432 |
|
| 712 | 0 | 2 |
_aИнститут математики им. В.И.Романовского _cТашкент _9356278 _3RU\NLR\AUTH\889930351 |
| 801 | 0 |
_aRU _bNLR _gpsbo |
|
| 801 | 1 |
_aRU _bELAR _2rusmarc |
|
| 852 |
_aNLR _j77-5/4797 |
||
| 899 |
_aRuMoRGB _jБ 77-8/1441 |
||
| 899 |
_aRuMoRGB _jБ 77-8/1442 |
||
| 942 | _cBOOK | ||
| 980 | _aNB | ||